<?xml version="1.0" encoding="UTF-8"?>
<record
    xmlns:xsi="http://www.w3.org/2001/XMLSchema-instance"
    xsi:schemaLocation="http://www.loc.gov/MARC21/slim http://www.loc.gov/standards/marcxml/schema/MARC21slim.xsd"
    xmlns="http://www.loc.gov/MARC21/slim">

  <leader>00419nam a22001697a 4500</leader>
  <controlfield tag="003">SGT</controlfield>
  <controlfield tag="005">20260629100725.0</controlfield>
  <datafield tag="020" ind1=" " ind2=" ">
    <subfield code="a">9781285969905</subfield>
  </datafield>
  <datafield tag="082" ind1=" " ind2=" ">
    <subfield code="a">616.024</subfield>
    <subfield code="b">H25L</subfield>
  </datafield>
  <datafield tag="100" ind1=" " ind2=" ">
    <subfield code="a">LONGO, DAN L.</subfield>
  </datafield>
  <datafield tag="245" ind1=" " ind2=" ">
    <subfield code="a">HARRISON'S PRINCIPLES OF INTERNAL MEDICINE 2 VOLUME SET </subfield>
  </datafield>
  <datafield tag="250" ind1=" " ind2=" ">
    <subfield code="a">22ND </subfield>
  </datafield>
  <datafield tag="260" ind1=" " ind2=" ">
    <subfield code="a">NEW YORK </subfield>
    <subfield code="b">MCGRAW HILL PUB </subfield>
    <subfield code="c">2025</subfield>
  </datafield>
  <datafield tag="300" ind1=" " ind2=" ">
    <subfield code="a">1839,3999</subfield>
  </datafield>
  <datafield tag="650" ind1=" " ind2=" ">
    <subfield code="a">GENERAL MEDICINE </subfield>
  </datafield>
  <datafield tag="942" ind1=" " ind2=" ">
    <subfield code="2">ddc</subfield>
    <subfield code="c">BK</subfield>
  </datafield>
  <datafield tag="952" ind1=" " ind2=" ">
    <subfield code="0">0</subfield>
    <subfield code="1">0</subfield>
    <subfield code="2">ddc</subfield>
    <subfield code="4">0</subfield>
    <subfield code="7">1</subfield>
    <subfield code="8">MEDICAL</subfield>
    <subfield code="a">FM</subfield>
    <subfield code="b">FM</subfield>
    <subfield code="c">REF</subfield>
    <subfield code="d">2026-06-01</subfield>
    <subfield code="e">ABC DELHI</subfield>
    <subfield code="g">16080.00</subfield>
    <subfield code="h">VOL-I</subfield>
    <subfield code="i">SGTU</subfield>
    <subfield code="l">0</subfield>
    <subfield code="o">616.024 H25L</subfield>
    <subfield code="p">FM16321</subfield>
    <subfield code="r">2026-06-29 10:08:45</subfield>
    <subfield code="w">2026-06-01</subfield>
    <subfield code="y">BK</subfield>
    <subfield code="k">23076</subfield>
  </datafield>
  <datafield tag="952" ind1=" " ind2=" ">
    <subfield code="0">0</subfield>
    <subfield code="1">0</subfield>
    <subfield code="2">ddc</subfield>
    <subfield code="4">0</subfield>
    <subfield code="7">1</subfield>
    <subfield code="8">MEDICAL</subfield>
    <subfield code="a">FM</subfield>
    <subfield code="b">FM</subfield>
    <subfield code="c">REF</subfield>
    <subfield code="d">2026-06-01</subfield>
    <subfield code="e">ABC DELHI</subfield>
    <subfield code="g">16080.00</subfield>
    <subfield code="h">VOL-I</subfield>
    <subfield code="i">SGTU</subfield>
    <subfield code="l">0</subfield>
    <subfield code="o">616.024 H25L</subfield>
    <subfield code="p">FM16322</subfield>
    <subfield code="r">2026-06-29 10:08:45</subfield>
    <subfield code="w">2026-06-01</subfield>
    <subfield code="y">BK</subfield>
    <subfield code="k">23076</subfield>
  </datafield>
  <datafield tag="952" ind1=" " ind2=" ">
    <subfield code="0">0</subfield>
    <subfield code="1">0</subfield>
    <subfield code="2">ddc</subfield>
    <subfield code="4">0</subfield>
    <subfield code="7">1</subfield>
    <subfield code="8">MEDICAL</subfield>
    <subfield code="a">FM</subfield>
    <subfield code="b">FM</subfield>
    <subfield code="c">REF</subfield>
    <subfield code="d">2026-06-01</subfield>
    <subfield code="e">ABC DELHI</subfield>
    <subfield code="h">VOL-II</subfield>
    <subfield code="i">SGTU</subfield>
    <subfield code="l">0</subfield>
    <subfield code="o">616.024 H25L</subfield>
    <subfield code="p">FM16323</subfield>
    <subfield code="r">2026-06-29 10:08:45</subfield>
    <subfield code="w">2026-06-01</subfield>
    <subfield code="y">BK</subfield>
    <subfield code="k">23076</subfield>
  </datafield>
  <datafield tag="952" ind1=" " ind2=" ">
    <subfield code="0">0</subfield>
    <subfield code="1">0</subfield>
    <subfield code="2">ddc</subfield>
    <subfield code="4">0</subfield>
    <subfield code="7">1</subfield>
    <subfield code="8">MEDICAL</subfield>
    <subfield code="a">FM</subfield>
    <subfield code="b">FM</subfield>
    <subfield code="c">REF</subfield>
    <subfield code="d">2026-06-01</subfield>
    <subfield code="e">ABC DELHI</subfield>
    <subfield code="h">VOL-II</subfield>
    <subfield code="i">SGTU</subfield>
    <subfield code="l">0</subfield>
    <subfield code="o">616.024 H25L</subfield>
    <subfield code="p">FM16324</subfield>
    <subfield code="r">2026-06-29 10:08:45</subfield>
    <subfield code="w">2026-06-01</subfield>
    <subfield code="y">BK</subfield>
    <subfield code="k">23076</subfield>
  </datafield>
  <datafield tag="999" ind1=" " ind2=" ">
    <subfield code="c">34980</subfield>
    <subfield code="d">34980</subfield>
  </datafield>
</record>
